Sudden death-Random facts - Statistics

General Stats
  • This quiz has been taken 107 times
  • The average score is 3 of 6
Answers on the Grid
Answers color-coded by a green-red scale on the quiz's grid according to % correct below.
The heart has four chambers
Mercury is the hottest planet
Australia declared war on emus
One of Elon Musk's children is named Nevada
Mexican freedom fighters wore shorts and t-shirt
Sweden made Roblox
Temu is from China
A musical staff is 5 lines
It is okay to feed a baby solid foods at 6 months
Chickens are from the Middle East
 
Answer Stats
Answer % Correct
The heart has four chambers
80%
Temu is from China
57%
Australia declared war on emus
55%
It is okay to feed a baby solid foods at 6 months
49%
A musical staff is 5 lines
37%
One of Elon Musk's children is named Nevada
26%
No matching quizzes found
Score Distribution
Percent of People with Each Score
Percentile by Number Answered
Your Score History
You have not taken this quiz